| 000 -LEADER |
| fixed length control field |
01293nam a22002777a 4500 |
| 008 - FIXED-LENGTH DATA ELEMENTS--GENERAL INFORMATION |
| fixed length control field |
260416b xxu||||| |||| 00| 0 eng d |
| 041 ## - LANGUAGE CODE |
| Language code of text/sound track or separate title |
In English. |
| 082 ## - DEWEY DECIMAL CLASSIFICATION NUMBER |
| Classification number |
741.4372 |
| Item number |
R45 2025 |
| 245 ## - TITLE STATEMENT |
| Title |
Relentless / |
| Statement of responsibility, etc |
directed by Tom Botchii ; produced by Tom Botchii, Jeffrey Decker, David Christopher Pitt ; written by Tom Botchii ; edited by Tom Botchii, David Christopher Pitt. |
| 260 ## - PUBLICATION, DISTRIBUTION, ETC. (IMPRINT) |
| Place of publication, distribution, etc |
United States : |
| Name of publisher, distributor, etc |
Ave One Entertainment, |
| Date of publication, distribution, etc |
2025. |
| 300 ## - PHYSICAL DESCRIPTION |
| Extent |
1 videofile, (ca. 93 min.) : |
| Other physical details |
sound, color. |
| Accompanying material |
CD ROM |
| 500 ## - GENERAL NOTE |
| General note |
Summary derived from online movie databases. |
| 500 ## - GENERAL NOTE |
| General note |
Digital video disc format. |
| 500 ## - GENERAL NOTE |
| General note |
Sources used: Internet Movie Database (IMDb), film reviews, and other online sources. |
| 520 ## - SUMMARY, ETC. |
| Summary, etc |
A homeless man targets a well-off elite in a home invasion. But it will take an unhinged level of brutality to find out his true motive. |
| 630 ## - SUBJECT ADDED ENTRY--UNIFORM TITLE |
| Uniform title |
Revenge. |
| 655 ## - INDEX TERM--GENRE/FORM |
| Source of term |
Icgft |
| Genre/form data or focus term |
Action. |
| 655 ## - INDEX TERM--GENRE/FORM |
| Source of term |
Icgft |
| Genre/form data or focus term |
Thriller. |
| 700 ## - ADDED ENTRY--PERSONAL NAME |
| Personal name |
Botchii, Tom, director, writter, producer and editor. |
| 700 ## - ADDED ENTRY--PERSONAL NAME |
| Personal name |
Pitt, David Christopher, producer editor and cinematographer. |
| 700 ## - ADDED ENTRY--PERSONAL NAME |
| Personal name |
Decker, Jeffrey, producer, star. |
| 700 ## - ADDED ENTRY--PERSONAL NAME |
| Personal name |
Senff, Guilherme, composer. |
| 700 ## - ADDED ENTRY--PERSONAL NAME |
| Personal name |
Kelly, Jackie, star. |
| 700 ## - ADDED ENTRY--PERSONAL NAME |
| Personal name |
Kinoshita, Shuhei, star. |
| 942 ## - ADDED ENTRY ELEMENTS (KOHA) |
| Source of classification or shelving scheme |
|
| Item type |
Audio-Visual Materials |